[Event "ODJM B 2025"]
[Site "Willingen GER"]
[Date "2025.06.08"]
[Round "2"]
[White "Aguike, Chidera"]
[Black "He, Saiqi"]
[Result "1-0"]
[Termination "normal"]
[Board "20"]
[WhiteElo "1838"]
[BlackElo "1700"]
[WhiteClock "00:09:04"]
[BlackClock "00:50:54"]
[PlyCount "101"]
[WhiteFideId "34611339"]
[BlackFideId "16292723"]
[EventCountry "GER"]
[EventRounds "9"]
[EventType "swiss"]
[EventDate "2025.06.07"]

1. e4 {[%clk 01:30:57]} {[%emt 00:00:03]} e5 {[%clk 01:30:42]} {[%emt
00:00:19]} 2. Nf3 {[%clk 01:31:23]} {[%emt 00:00:04]} Nc6 {[%clk 01:30:56]}
{[%emt 00:00:16]} 3. Bc4 {[%clk 01:31:48]} {[%emt 00:00:05]} Bc5 {[%clk
01:31:17]} {[%emt 00:00:08]} 4. c3 {[%clk 01:32:13]} {[%emt 00:00:06]} Nf6
{[%clk 01:31:35]} {[%emt 00:00:12]} 5. d4 {[%clk 01:32:39]} {[%emt 00:00:04]}
exd4 {[%clk 01:31:30]} {[%emt 00:00:36]} 6. e5 {[%clk 01:32:53]} {[%emt
00:00:16]} d5 {[%clk 01:31:53]} {[%emt 00:00:07]} 7. Bb5 {[%clk 01:33:19]}
{[%emt 00:00:03]} Ne4 {[%clk 01:32:11]} {[%emt 00:00:12]} 8. cxd4 {[%clk
01:33:47]} {[%emt 00:00:02]} Bb6 {[%clk 01:32:30]} {[%emt 00:00:11]} 9. Nc3
{[%clk 01:34:07]} {[%emt 00:00:10]} Bg4 {[%clk 01:32:47]} {[%emt 00:00:13]} 10.
Be3 {[%clk 01:34:17]} {[%emt 00:00:20]} O-O {[%clk 01:32:58]} {[%emt 00:00:19]}
11. h3 {[%clk 01:34:30]} {[%emt 00:00:16]} Bh5 {[%clk 01:33:18]} {[%emt
00:00:10]} 12. Qc2 {[%clk 01:34:52]} {[%emt 00:00:08]} Bg6 {[%clk 01:31:45]}
{[%emt 00:02:03]} 13. Qb3 {[%clk 01:32:43]} {[%emt 00:02:40]} Ne7 {[%clk
01:31:30]} {[%emt 00:00:45]} 14. O-O {[%clk 01:28:14]} {[%emt 00:04:59]} Bh5
{[%clk 01:29:40]} {[%emt 00:02:20]} 15. Be2 {[%clk 01:25:52]} {[%emt 00:02:51]}
Bxf3 {[%clk 01:28:46]} {[%emt 00:01:24]} 16. Bxf3 {[%clk 01:25:38]} {[%emt
00:00:44]} Nxc3 {[%clk 01:28:26]} {[%emt 00:00:51]} 17. bxc3 {[%clk 01:25:55]}
{[%emt 00:00:13]} c6 {[%clk 01:28:48]} {[%emt 00:00:08]} 18. a4 {[%clk
01:25:26]} {[%emt 00:00:59]} Rb8 {[%clk 01:28:45]} {[%emt 00:00:33]} 19. Rfd1
{[%clk 01:18:34]} {[%emt 00:07:21]} h6 {[%clk 01:27:51]} {[%emt 00:01:25]} 20.
c4 {[%clk 01:10:18]} {[%emt 00:08:46]} Re8 {[%clk 01:22:29]} {[%emt 00:05:50]}
21. cxd5 {[%clk 01:03:15]} {[%emt 00:07:35]} Nxd5 {[%clk 01:21:58]} {[%emt
00:01:01]} 22. Bxd5 {[%clk 00:57:41]} {[%emt 00:06:05]} Qxd5 {[%clk 01:17:29]}
{[%emt 00:04:58]} 23. Qxd5 {[%clk 00:57:17]} {[%emt 00:00:54]} cxd5 {[%clk
01:15:37]} {[%emt 00:02:22]} 24. a5 {[%clk 00:53:55]} {[%emt 00:03:52]} Bd8
{[%clk 01:14:57]} {[%emt 00:01:09]} 25. Rdc1 {[%clk 00:53:21]} {[%emt
00:01:04]} Re7 {[%clk 01:14:20]} {[%emt 00:01:07]} 26. Rc5 {[%clk 00:52:37]}
{[%emt 00:01:14]} Rd7 {[%clk 01:14:32]} {[%emt 00:00:18]} 27. Bf4 {[%clk
00:48:11]} {[%emt 00:04:57]} Ra8 {[%clk 01:13:14]} {[%emt 00:01:47]} 28. Bd2
{[%clk 00:41:59]} {[%emt 00:06:43]} a6 {[%clk 01:12:08]} {[%emt 00:01:37]} 29.
Kf1 {[%clk 00:40:04]} {[%emt 00:02:24]} Kf8 {[%clk 01:12:28]} {[%emt 00:00:11]}
30. Ke2 {[%clk 00:39:44]} {[%emt 00:00:49]} Ke7 {[%clk 01:12:32]} {[%emt
00:00:27]} 31. Kd3 {[%clk 00:36:00]} {[%emt 00:04:14]} Ke6 {[%clk 01:12:41]}
{[%emt 00:00:20]} 32. Rb1 {[%clk 00:35:25]} {[%emt 00:01:06]} Rb8 {[%clk
01:09:54]} {[%emt 00:03:16]} 33. Bf4 {[%clk 00:31:56]} {[%emt 00:03:59]} h5
{[%clk 01:05:40]} {[%emt 00:04:43]} 34. g4 {[%clk 00:30:42]} {[%emt 00:01:46]}
hxg4 {[%clk 01:04:27]} {[%emt 00:01:42]} 35. hxg4 {[%clk 00:30:04]} {[%emt
00:01:08]} g5 {[%clk 01:02:51]} {[%emt 00:02:07]} 36. Bg3 {[%clk 00:29:34]}
{[%emt 00:01:00]} Ra8 {[%clk 01:02:20]} {[%emt 00:01:01]} 37. f3 {[%clk
00:27:22]} {[%emt 00:02:41]} Rb8 {[%clk 01:02:32]} {[%emt 00:00:18]} 38. Be1
{[%clk 00:25:31]} {[%emt 00:02:21]} Bc7 {[%clk 00:59:15]} {[%emt 00:03:46]} 39.
Bd2 {[%clk 00:24:17]} {[%emt 00:01:45]} Bd8 {[%clk 00:57:51]} {[%emt 00:01:55]}
40. Rh1 {[%clk 00:20:38]} {[%emt 00:04:07]} f6 {[%clk 00:54:09]} {[%emt
00:04:09]} 41. Rh6 {[%clk 00:18:04]} {[%emt 00:03:08]} Rg7 {[%clk 00:53:33]}
{[%emt 00:01:06]} 42. exf6 {[%clk 00:16:35]} {[%emt 00:01:59]} Bxf6 {[%clk
00:53:31]} {[%emt 00:00:32]} 43. f4 {[%clk 00:16:25]} {[%emt 00:00:40]} Kf7
{[%clk 00:51:27]} {[%emt 00:02:33]} 44. Rxd5 {[%clk 00:15:04]} {[%emt
00:01:52]} Re8 {[%clk 00:50:53]} {[%emt 00:01:04]} 45. fxg5 {[%clk 00:14:41]}
{[%emt 00:00:53]} Be7 {[%clk 00:51:14]} {[%emt 00:00:09]} 46. Rf5+ {[%clk
00:14:08]} {[%emt 00:01:03]} Kg8 {[%clk 00:51:22]} {[%emt 00:00:22]} 47. g6
{[%clk 00:13:32]} {[%emt 00:01:06]} Rd8 {[%clk 00:51:17]} {[%emt 00:00:35]} 48.
Bc3 {[%clk 00:09:05]} {[%emt 00:04:57]} Rd7 {[%clk 00:50:25]} {[%emt 00:01:23]}
49. d5 {[%clk 00:09:06]} {[%emt 00:00:29]} Rd6 {[%clk 00:50:33]} {[%emt
00:00:22]} 50. Bxg7 {[%clk 00:08:44]} {[%emt 00:00:51]} Kxg7 {[%clk 00:50:54]}
{[%emt 00:00:10]} 51. Rh7+ {[%clk 00:09:04]} 1-0

[Event "ODJM B 2025"]
[Site "Willingen GER"]
[Date "2025.06.08"]
[Round "2"]
[White "Päpke, Aaron"]
[Black "Storey, Cameron"]
[Result "0-1"]
[Termination "normal"]
[Board "21"]
[WhiteElo "1652"]
[BlackElo "1712"]
[WhiteClock "01:20:37"]
[BlackClock "00:30:49"]
[PlyCount "110"]
[WhiteFideId "34684930"]
[BlackFideId "343453929"]
[EventCountry "GER"]
[EventRounds "9"]
[EventType "swiss"]
[EventDate "2025.06.07"]

1. c4 {[%clk 01:30:57]} {[%emt 00:00:02]} g6 {[%clk 01:30:49]} {[%emt
00:00:11]} 2. Nf3 {[%clk 01:31:21]} {[%emt 00:00:07]} Bg7 {[%clk 01:31:12]}
{[%emt 00:00:06]} 3. d4 {[%clk 01:31:44]} {[%emt 00:00:07]} d6 {[%clk
01:31:12]} {[%emt 00:00:30]} 4. Nc3 {[%clk 01:32:08]} {[%emt 00:00:07]} Nd7
{[%clk 01:29:47]} {[%emt 00:01:54]} 5. e4 {[%clk 01:31:24]} {[%emt 00:01:14]}
c5 {[%clk 01:28:07]} {[%emt 00:02:10]} 6. Be3 {[%clk 01:31:35]} {[%emt
00:00:20]} b6 {[%clk 01:27:10]} {[%emt 00:01:26]} 7. Be2 {[%clk 01:31:23]}
{[%emt 00:00:42]} Bb7 {[%clk 01:27:11]} {[%emt 00:00:30]} 8. d5 {[%clk
01:30:59]} {[%emt 00:00:54]} Ngf6 {[%clk 01:25:10]} {[%emt 00:02:30]} 9. Qd2
{[%clk 01:31:07]} {[%emt 00:00:23]} h6 {[%clk 01:23:38]} {[%emt 00:02:01]} 10.
h3 {[%clk 01:30:43]} {[%emt 00:00:54]} Nf8 {[%emt 00:03:51]} 11. O-O-O {[%clk
01:29:46]} N6d7 {[%clk 01:18:51]} {[%emt 00:03:22]} 12. g4 {[%clk 01:28:01]}
{[%emt 00:02:15]} a6 {[%clk 01:18:33]} {[%emt 00:00:49]} 13. g5 {[%clk
01:27:01]} {[%emt 00:01:30]} h5 {[%clk 01:17:09]} {[%emt 00:01:54]} 14. Nh4
{[%clk 01:27:05]} {[%emt 00:00:25]} e5 {[%clk 01:11:32]} {[%emt 00:06:07]} 15.
f4 {[%clk 01:26:56]} {[%emt 00:00:40]} exf4 {[%clk 01:11:18]} {[%emt 00:00:44]}
16. Bxf4 {[%clk 01:27:18]} {[%emt 00:00:08]} Ne5 {[%clk 01:11:41]} {[%emt
00:00:07]} 17. Nf3 {[%clk 01:27:29]} {[%emt 00:00:18]} Nfd7 {[%clk 01:11:56]}
{[%emt 00:00:15]} 18. Rhf1 {[%clk 01:26:16]} {[%emt 00:01:43]} Nxf3 {[%clk
01:08:09]} {[%emt 00:04:18]} 19. Rxf3 {[%clk 01:26:03]} {[%emt 00:00:43]} Ne5
{[%clk 01:08:33]} {[%emt 00:00:05]} 20. Rf2 {[%clk 01:25:48]} {[%emt 00:00:45]}
O-O {[%clk 01:04:51]} {[%emt 00:04:12]} 21. Rg1 {[%clk 01:25:38]} {[%emt
00:00:40]} Bc8 {[%clk 01:03:18]} {[%emt 00:02:04]} 22. h4 {[%clk 01:24:03]}
{[%emt 00:02:05]} b5 {[%clk 00:58:16]} {[%emt 00:05:32]} 23. Bxe5 {[%clk
01:20:04]} {[%emt 00:04:29]} Bxe5 {[%clk 00:58:33]} {[%emt 00:00:12]} 24. Bxh5
{[%clk 01:19:59]} {[%emt 00:00:35]} Bd4 {[%clk 00:57:27]} {[%emt 00:01:36]} 25.
Rfg2 {[%clk 01:18:32]} {[%emt 00:01:58]} Bxg1 {[%clk 00:57:19]} {[%emt
00:00:38]} 26. Rxg1 {[%clk 01:18:45]} {[%emt 00:00:17]} Kg7 {[%clk 00:48:19]}
{[%emt 00:09:29]} 27. Bf3 {[%clk 01:17:58]} {[%emt 00:01:17]} Rh8 {[%clk
00:47:02]} {[%emt 00:01:47]} 28. Qf4 {[%clk 01:17:58]} {[%emt 00:00:29]} b4
{[%clk 00:45:48]} {[%emt 00:01:46]} 29. Ne2 {[%clk 01:17:43]} {[%emt 00:00:45]}
Qe7 {[%clk 00:46:00]} {[%emt 00:00:17]} 30. Ng3 {[%clk 01:16:43]} {[%emt
00:01:30]} Qe5 {[%clk 00:43:15]} {[%emt 00:03:15]} 31. Qe3 {[%clk 01:16:36]}
{[%emt 00:00:37]} Rxh4 {[%clk 00:42:49]} {[%emt 00:00:54]} 32. Qf2 {[%clk
01:16:42]} {[%emt 00:00:26]} Bg4 {[%clk 00:39:06]} {[%emt 00:04:14]} 33. Bxg4
{[%clk 01:15:05]} {[%emt 00:02:06]} Rxg4 {[%clk 00:39:28]} {[%emt 00:00:08]}
34. Qh2 {[%clk 01:14:47]} {[%emt 00:00:48]} Qxg5+ {[%clk 00:36:51]} {[%emt
00:03:06]} 35. Kb1 {[%clk 01:15:09]} {[%emt 00:00:09]} Re8 {[%clk 00:35:36]}
{[%emt 00:01:45]} 36. Rh1 {[%clk 01:15:29]} {[%emt 00:00:09]} Rxg3 {[%clk
00:30:33]} {[%emt 00:05:34]} 37. e5 {[%clk 01:15:48]} {[%emt 00:00:11]} Qh5
{[%clk 00:26:03]} {[%emt 00:05:00]} 38. Qxg3 {[%clk 01:15:35]} {[%emt
00:00:43]} Qxh1+ {[%clk 00:26:27]} {[%emt 00:00:06]} 39. Kc2 {[%clk 01:16:02]}
{[%emt 00:00:04]} Rxe5 {[%clk 00:26:49]} {[%emt 00:00:07]} 40. a3 {[%clk
01:16:04]} {[%emt 00:00:29]} Re2+ {[%clk 00:26:35]} {[%emt 00:00:44]} 41. Kb3
{[%clk 01:16:23]} {[%emt 00:00:10]} Qd1+ {[%clk 00:26:46]} {[%emt 00:00:18]}
42. Ka2 {[%clk 01:16:43]} {[%emt 00:00:12]} Qd2 {[%clk 00:26:23]} {[%emt
00:00:52]} 43. Qb3 {[%clk 01:16:45]} {[%emt 00:00:28]} Re3 {[%clk 00:26:50]}
{[%emt 00:00:03]} 44. Qa4 {[%clk 01:17:08]} {[%emt 00:00:07]} b3+ {[%clk
00:27:16]} {[%emt 00:00:04]} 45. Qxb3 {[%clk 01:17:21]} {[%emt 00:00:18]} Rxb3
{[%clk 00:27:30]} {[%emt 00:00:16]} 46. Kxb3 {[%clk 01:17:47]} {[%emt
00:00:03]} f5 {[%clk 00:27:40]} {[%emt 00:00:20]} 47. a4 {[%clk 01:18:13]}
{[%emt 00:00:04]} a5 {[%clk 00:27:58]} {[%emt 00:00:13]} 48. Ka3 {[%clk
01:18:35]} {[%emt 00:00:08]} f4 {[%clk 00:28:22]} {[%emt 00:00:05]} 49. Kb3
{[%clk 01:18:53]} {[%emt 00:00:13]} f3 {[%clk 00:28:47]} {[%emt 00:00:04]} 50.
Ka3 {[%clk 01:19:12]} {[%emt 00:00:12]} f2 {[%clk 00:29:08]} {[%emt 00:00:09]}
51. Ka2 {[%clk 01:19:34]} {[%emt 00:00:08]} f1=Q {[%clk 00:29:33]} {[%emt
00:00:05]} 52. Kb3 {[%clk 01:19:57]} {[%emt 00:00:07]} Qfd3+ {[%clk 00:29:57]}
{[%emt 00:00:05]} 53. Ka2 {[%clk 01:20:21]} {[%emt 00:00:07]} Qxc4+ {[%clk
00:30:02]} {[%emt 00:00:24]} 54. Ka3 {[%clk 01:20:16]} {[%emt 00:00:35]} Qdd3+
{[%clk 00:30:22]} {[%emt 00:00:10]} 55. b3 {[%clk 01:20:37]} {[%emt 00:00:09]}
Qcxb3# {[%clk 00:30:49]} {[%emt 00:00:03]} 0-1

[Event "ODJM B 2025"]
[Site "Willingen GER"]
[Date "2025.06.08"]
[Round "2"]
[White "Tabales, Lennart"]
[Black "Frank, Carolin"]
[Result "1-0"]
[Termination "normal"]
[Board "22"]
[WhiteElo "1775"]
[BlackElo "1724"]
[WhiteClock "01:05:01"]
[BlackClock "00:01:23"]
[PlyCount "45"]
[WhiteFideId "34604057"]
[BlackFideId "16207190"]
[EventCountry "GER"]
[EventRounds "9"]
[EventType "swiss"]
[EventDate "2025.06.07"]

1. e4 {[%clk 01:30:58]} {[%emt 00:00:01]} c6 {[%clk 01:30:54]} {[%emt
00:00:07]} 2. Nc3 {[%clk 01:31:23]} {[%emt 00:00:04]} d5 {[%clk 01:30:42]}
{[%emt 00:00:42]} 3. Nf3 {[%clk 01:31:48]} {[%emt 00:00:05]} dxe4 {[%clk
01:26:13]} {[%emt 00:04:59]} 4. Nxe4 {[%clk 01:32:10]} {[%emt 00:00:08]} Nf6
{[%clk 01:25:35]} {[%emt 00:01:08]} 5. Qe2 {[%clk 01:32:34]} {[%emt 00:00:06]}
Bg4 {[%clk 01:18:35]} {[%emt 00:07:30]} 6. c3 {[%clk 01:27:36]} {[%emt
00:05:28]} e6 {[%clk 01:16:02]} {[%emt 00:03:04]} 7. d4 {[%clk 01:26:47]}
{[%emt 00:01:18]} Nbd7 {[%clk 01:15:20]} {[%emt 00:01:12]} 8. Bf4 {[%clk
01:23:13]} {[%emt 00:04:04]} Nxe4 {[%clk 01:07:02]} {[%emt 00:08:47]} 9. Qxe4
{[%clk 01:22:42]} {[%emt 00:01:02]} Nf6 {[%clk 01:06:17]} {[%emt 00:01:15]} 10.
Qd3 {[%clk 01:18:35]} {[%emt 00:04:36]} Bf5 {[%clk 01:01:36]} {[%emt 00:05:11]}
11. Qe2 {[%clk 01:17:04]} {[%emt 00:02:02]} Be7 {[%clk 00:53:10]} {[%emt
00:08:56]} 12. Ne5 {[%clk 01:15:39]} {[%emt 00:01:55]} Qd5 {[%clk 00:47:46]}
{[%emt 00:05:55]} 13. f3 {[%clk 01:13:18]} {[%emt 00:02:51]} O-O {[%clk
00:39:36]} {[%emt 00:08:40]} 14. g4 {[%clk 01:09:31]} {[%emt 00:04:16]} Bxg4
{[%clk 00:29:38]} {[%emt 00:10:28]} 15. fxg4 {[%clk 01:05:31]} {[%emt
00:04:30]} Qxh1 {[%clk 00:09:53]} {[%emt 00:20:15]} 16. Nf3 {[%clk 01:05:49]}
{[%emt 00:00:12]} Nd5 {[%clk 00:09:24]} {[%emt 00:00:59]} 17. Bg3 {[%clk
01:05:49]} {[%emt 00:00:30]} c5 {[%clk 00:08:02]} {[%emt 00:01:53]} 18. O-O-O
{[%clk 01:05:33]} {[%emt 00:00:46]} Bg5+ {[%clk 00:05:07]} {[%emt 00:03:23]}
19. Kb1 {[%clk 01:04:49]} {[%emt 00:01:14]} Ne3 {[%clk 00:04:12]} {[%emt
00:01:26]} 20. Re1 {[%clk 01:04:57]} {[%emt 00:00:22]} cxd4 {[%clk 00:02:12]}
{[%emt 00:02:30]} 21. cxd4 {[%clk 01:04:35]} {[%emt 00:00:52]} Bh6 {[%clk
00:01:19]} {[%emt 00:01:23]} 22. Bh3 {[%clk 01:04:47]} {[%emt 00:00:18]} Qxe1+
{[%clk 00:01:23]} {[%emt 00:00:27]} 23. Qxe1 {[%clk 01:05:01]} {[%emt
00:00:15]} 1-0

[Event "ODJM B 2025"]
[Site "Willingen GER"]
[Date "2025.06.08"]
[Round "2"]
[White "Lieb, Max"]
[Black "Huber, Ben"]
[Result "1-0"]
[Termination "normal"]
[Board "23"]
[WhiteElo "1743"]
[BlackElo "1711"]
[WhiteClock "01:26:50"]
[BlackClock "00:54:11"]
[PlyCount "21"]
[WhiteFideId "34630651"]
[BlackFideId "34677062"]
[EventCountry "GER"]
[EventRounds "9"]
[EventType "swiss"]
[EventDate "2025.06.07"]

1. d4 {[%emt 00:00:07]} d5 {[%clk 01:30:56]} 2. c4 {[%clk 01:31:22]} {[%emt
00:00:05]} c6 {[%clk 01:31:24]} {[%emt 00:00:03]} 3. Nc3 {[%clk 01:31:46]}
{[%emt 00:00:05]} Nf6 {[%clk 01:31:50]} {[%emt 00:00:05]} 4. Nf3 {[%clk
01:32:09]} {[%emt 00:00:06]} Bf5 {[%clk 01:31:49]} {[%emt 00:00:30]} 5. cxd5
{[%clk 01:32:21]} {[%emt 00:00:19]} cxd5 {[%clk 01:32:13]} {[%emt 00:00:06]} 6.
Qb3 {[%clk 01:32:41]} {[%emt 00:00:09]} b6 {[%clk 01:28:52]} {[%emt 00:03:53]}
7. Bf4 {[%clk 01:31:15]} {[%emt 00:01:56]} Nc6 {[%clk 01:15:22]} {[%emt
00:13:59]} 8. e3 {[%clk 01:27:29]} {[%emt 00:04:15]} e6 {[%clk 01:13:14]}
{[%emt 00:02:39]} 9. Bb5 {[%clk 01:27:41]} {[%emt 00:00:18]} Rc8 {[%clk
01:07:00]} {[%emt 00:06:44]} 10. Ne5 {[%clk 01:27:50]} {[%emt 00:00:20]} Qc7
{[%clk 00:54:11]} {[%emt 00:13:20]} 11. Nxc6 {[%clk 01:26:50]} {[%emt
00:01:29]} 1-0

[Event "ODJM B 2025"]
[Site "Willingen GER"]
[Date "2025.06.08"]
[Round "2"]
[White "Müller, Cosima"]
[Black "Cilo, Seyyid"]
[Result "0-1"]
[Termination "normal"]
[Board "24"]
[WhiteElo "1757"]
[BlackElo "1717"]
[WhiteClock "00:20:31"]
[BlackClock "00:54:34"]
[PlyCount "50"]
[WhiteFideId "34601490"]
[BlackFideId "34615938"]
[EventCountry "GER"]
[EventRounds "9"]
[EventType "swiss"]
[EventDate "2025.06.07"]

1. e4 {[%clk 01:30:58]} {[%emt 00:00:01]} e5 {[%clk 01:30:49]} {[%emt
00:00:11]} 2. Nf3 {[%clk 01:31:24]} {[%emt 00:00:04]} Nc6 {[%clk 01:31:05]}
{[%emt 00:00:15]} 3. Bb5 {[%clk 01:31:49]} {[%emt 00:00:05]} a6 {[%clk
01:31:11]} {[%emt 00:00:24]} 4. Ba4 {[%clk 01:32:14]} {[%emt 00:00:04]} d6
{[%clk 01:31:22]} {[%emt 00:00:19]} 5. Bxc6+ {[%clk 01:28:48]} {[%emt
00:03:57]} bxc6 {[%clk 01:31:40]} {[%emt 00:00:12]} 6. O-O {[%clk 01:28:49]}
{[%emt 00:00:28]} Be7 {[%clk 01:31:46]} {[%emt 00:00:24]} 7. h3 {[%clk
01:27:08]} {[%emt 00:02:11]} f5 {[%clk 01:30:10]} {[%emt 00:02:06]} 8. d3
{[%clk 01:21:59]} {[%emt 00:05:39]} Nf6 {[%clk 01:29:11]} {[%emt 00:01:30]} 9.
Nc3 {[%clk 01:21:43]} {[%emt 00:00:45]} O-O {[%clk 01:27:40]} {[%emt 00:02:01]}
10. Re1 {[%clk 01:16:53]} {[%emt 00:05:19]} fxe4 {[%clk 01:23:39]} {[%emt
00:04:32]} 11. dxe4 {[%clk 01:14:02]} {[%emt 00:03:21]} Qe8 {[%clk 01:20:10]}
{[%emt 00:04:00]} 12. Qd3 {[%clk 01:03:25]} {[%emt 00:11:06]} Nh5 {[%clk
01:16:52]} {[%emt 00:03:48]} 13. Qc4+ {[%clk 00:53:47]} {[%emt 00:10:09]} Kh8
{[%clk 01:15:37]} {[%emt 00:01:44]} 14. Ne2 {[%clk 00:52:01]} {[%emt 00:02:16]}
Qg6 {[%clk 01:10:45]} {[%emt 00:05:23]} 15. Kh2 {[%clk 00:51:11]} {[%emt
00:01:19]} c5 {[%clk 01:09:52]} {[%emt 00:01:23]} 16. Bd2 {[%clk 00:46:24]}
{[%emt 00:05:16]} Bd7 {[%clk 01:08:09]} {[%emt 00:02:14]} 17. Nc3 {[%clk
00:42:23]} {[%emt 00:04:31]} Bxh3 {[%clk 00:58:40]} {[%emt 00:09:59]} 18. gxh3
{[%clk 00:27:58]} {[%emt 00:14:55]} Rxf3 {[%clk 00:58:21]} {[%emt 00:00:49]}
19. Nd1 {[%clk 00:27:46]} {[%emt 00:00:42]} Raf8 {[%clk 00:57:30]} {[%emt
00:01:21]} 20. Qf1 {[%clk 00:26:16]} {[%emt 00:01:59]} Bh4 {[%clk 00:56:32]}
{[%emt 00:01:28]} 21. Qg1 {[%clk 00:24:13]} {[%emt 00:02:33]} Rxf2+ {[%clk
00:54:58]} {[%emt 00:02:05]} 22. Nxf2 {[%clk 00:23:55]} {[%emt 00:00:47]} Rxf2+
{[%clk 00:55:23]} {[%emt 00:00:06]} 23. Qxf2 {[%clk 00:19:57]} {[%emt
00:04:28]} Bxf2 {[%clk 00:54:12]} {[%emt 00:01:41]} 24. Rf1 {[%clk 00:20:15]}
{[%emt 00:00:12]} Qg3+ {[%clk 00:54:37]} {[%emt 00:00:05]} 25. Kh1 {[%clk
00:20:31]} {[%emt 00:00:14]} Qxh3# {[%clk 00:54:34]} {[%emt 00:00:02]} 0-1

[Event "ODJM B 2025"]
[Site "Willingen GER"]
[Date "2025.06.08"]
[Round "2"]
[White "Claussen, Daniela"]
[Black "Schmidt, Jossip"]
[Result "1-0"]
[Termination "normal"]
[Board "25"]
[WhiteElo "1567"]
[BlackElo "1647"]
[WhiteClock "00:22:32"]
[BlackClock "00:04:34"]
[PlyCount "57"]
[WhiteFideId "16248929"]
[BlackFideId "34621148"]
[EventCountry "GER"]
[EventRounds "9"]
[EventType "swiss"]
[EventDate "2025.06.07"]

1. b3 {[%clk 01:30:54]} {[%emt 00:00:06]} d5 {[%clk 01:30:37]} {[%emt
00:00:23]} 2. e3 {[%clk 01:30:52]} {[%emt 00:00:32]} c5 {[%clk 01:30:45]}
{[%emt 00:00:21]} 3. Bb2 {[%clk 01:30:42]} {[%emt 00:00:40]} Nc6 {[%clk
01:30:53]} {[%emt 00:00:23]} 4. Bb5 {[%clk 01:30:37]} {[%emt 00:00:35]} Nf6
{[%emt 00:01:07]} 5. f4 {[%clk 01:29:02]} {[%emt 00:02:03]} e6 {[%clk
01:26:49]} {[%emt 00:03:58]} 6. Bxc6+ {[%clk 01:27:38]} {[%emt 00:01:54]} bxc6
{[%clk 01:26:04]} {[%emt 00:01:16]} 7. Nf3 {[%clk 01:27:20]} {[%emt 00:00:48]}
Ba6 {[%clk 01:25:58]} {[%emt 00:00:35]} 8. d3 {[%clk 01:26:51]} {[%emt
00:01:00]} Rb8 {[%clk 01:23:53]} {[%emt 00:02:33]} 9. Ne5 {[%clk 01:26:03]}
{[%emt 00:01:19]} Qb6 {[%clk 01:18:21]} {[%emt 00:06:01]} 10. O-O {[%clk
01:24:24]} {[%emt 00:02:11]} c4 {[%clk 01:16:29]} {[%emt 00:02:22]} 11. Rf3
{[%clk 01:20:05]} {[%emt 00:04:48]} cxd3 {[%clk 01:13:44]} {[%emt 00:03:16]}
12. cxd3 {[%clk 01:16:36]} {[%emt 00:03:59]} c5 {[%clk 01:11:33]} {[%emt
00:02:40]} 13. Nd2 {[%clk 01:07:59]} {[%emt 00:09:07]} Nd7 {[%emt 00:27:03]}
14. Rg3 {[%clk 00:55:12]} {[%emt 00:13:16]} d4 {[%clk 00:38:15]} {[%emt
00:07:16]} 15. Ndc4 {[%clk 00:53:07]} {[%emt 00:02:36]} Bxc4 {[%clk 00:35:42]}
{[%emt 00:03:03]} 16. Nxc4 {[%clk 00:53:14]} {[%emt 00:00:23]} Qc7 {[%clk
00:35:37]} {[%emt 00:00:31]} 17. Qf3 {[%clk 00:49:00]} {[%emt 00:04:47]} dxe3
{[%clk 00:23:26]} {[%emt 00:12:41]} 18. Qxe3 {[%clk 00:47:08]} {[%emt
00:02:22]} Rg8 {[%clk 00:19:47]} {[%emt 00:04:09]} 19. f5 {[%clk 00:46:19]}
{[%emt 00:01:20]} Qc6 {[%clk 00:18:49]} {[%emt 00:01:26]} 20. Re1 {[%clk
00:38:32]} {[%emt 00:08:19]} Ke7 {[%clk 00:18:32]} {[%emt 00:00:47]} 21. fxe6
{[%clk 00:36:39]} {[%emt 00:02:23]} fxe6 {[%clk 00:17:30]} {[%emt 00:01:31]}
22. Qg5+ {[%clk 00:35:43]} {[%emt 00:01:26]} Ke8 {[%clk 00:13:35]} {[%emt
00:04:25]} 23. Rge3 {[%clk 00:32:26]} {[%emt 00:03:47]} Kf7 {[%clk 00:13:04]}
{[%emt 00:01:00]} 24. Ne5+ {[%clk 00:29:49]} {[%emt 00:03:08]} Nxe5 {[%clk
00:13:09]} {[%emt 00:00:26]} 25. Qf4+ {[%clk 00:29:14]} {[%emt 00:01:05]} Ke7
{[%clk 00:11:55]} {[%emt 00:01:43]} 26. Rxe5 {[%clk 00:29:17]} {[%emt
00:00:28]} Rd8 {[%clk 00:10:33]} {[%emt 00:01:51]} 27. Qf5 {[%clk 00:23:22]}
{[%emt 00:06:25]} Rd6 {[%clk 00:08:15]} {[%emt 00:02:48]} 28. Qxh7 {[%clk
00:22:42]} {[%emt 00:01:10]} Kf7 {[%clk 00:04:34]} {[%emt 00:04:11]} 29. Rf1+
{[%clk 00:22:32]} {[%emt 00:00:41]} 1-0